<?xml version="1.0" encoding="UTF-8"?>
<record
    xmlns:xsi="http://www.w3.org/2001/XMLSchema-instance"
    xsi:schemaLocation="http://www.loc.gov/MARC21/slim http://www.loc.gov/standards/marcxml/schema/MARC21slim.xsd"
    xmlns="http://www.loc.gov/MARC21/slim">

  <leader>00816nam a2200205 i 4500</leader>
  <controlfield tag="001">40610</controlfield>
  <controlfield tag="003">ES-MaACL</controlfield>
  <controlfield tag="005">20250901095955.0</controlfield>
  <controlfield tag="007">t|</controlfield>
  <controlfield tag="008">030306s1948    sp           ||||1| spa d</controlfield>
  <datafield tag="100" ind1="1" ind2=" ">
    <subfield code="a">Capella, Miguel.</subfield>
    <subfield code="9">34822</subfield>
  </datafield>
  <datafield tag="245" ind1="1" ind2="3">
    <subfield code="a">La casa-palacio de la C&#xE1;mara de la Industria de Madrid </subfield>
    <subfield code="b">: (antigua mansi&#xF3;n de los Duques de Santo&#xF1;a) : sus antecedentes hist&#xF3;ricos : su valor art&#xED;stico actual / </subfield>
    <subfield code="c">por Miguel Capella.</subfield>
  </datafield>
  <datafield tag="260" ind1=" " ind2=" ">
    <subfield code="a">Madrid : </subfield>
    <subfield code="b">[s.n.], </subfield>
    <subfield code="c">1948 (</subfield>
    <subfield code="f">Gr&#xE1;fica Administrativa)</subfield>
  </datafield>
  <datafield tag="300" ind1=" " ind2=" ">
    <subfield code="a">102 p., 21 l&#xE1;m. ; </subfield>
    <subfield code="c">28 cm.</subfield>
  </datafield>
  <datafield tag="610" ind1="2" ind2="4">
    <subfield code="a">Palacio de Santo&#xF1;a (Madrid)</subfield>
    <subfield code="9">157394</subfield>
  </datafield>
  <datafield tag="610" ind1="2" ind2="4">
    <subfield code="a">C&#xE1;mara de Comercio, Industria y Navegaci&#xF3;n de Madrid</subfield>
    <subfield code="9">2367</subfield>
  </datafield>
  <datafield tag="651" ind1=" " ind2=" ">
    <subfield code="a">Madrid-</subfield>
    <subfield code="x">Edificios, estructuras, etc.</subfield>
    <subfield code="9">8959</subfield>
  </datafield>
  <datafield tag="852" ind1=" " ind2=" ">
    <subfield code="a">ES-MaACL</subfield>
    <subfield code="j">1682-F-9 </subfield>
    <subfield code="b">R.25921</subfield>
  </datafield>
  <datafield tag="999" ind1=" " ind2=" ">
    <subfield code="c">40610</subfield>
    <subfield code="d">40610</subfield>
  </datafield>
  <datafield tag="952" ind1=" " ind2=" ">
    <subfield code="0">0</subfield>
    <subfield code="1">0</subfield>
    <subfield code="4">0</subfield>
    <subfield code="7">0</subfield>
    <subfield code="8">Colecci&#xF3;n_de_folletos</subfield>
    <subfield code="a">ATENEOM</subfield>
    <subfield code="b">ATENEOM</subfield>
    <subfield code="c">DEPOF</subfield>
    <subfield code="d">2008-01-17</subfield>
    <subfield code="e">SC</subfield>
    <subfield code="l">0</subfield>
    <subfield code="o">1682-F-9</subfield>
    <subfield code="p">1042753</subfield>
    <subfield code="r">2023-02-23 00:00:00</subfield>
    <subfield code="w">2023-02-23</subfield>
    <subfield code="y">FOLLETOS</subfield>
  </datafield>
</record>
